| 000 | 00510nam a22001817a 4500 | ||
|---|---|---|---|
| 003 | OSt | ||
| 005 | 20221118031436.0 | ||
| 008 | 151209b xxu||||| |||| 00| 0 eng d | ||
| 020 | _a8120319656 | ||
| 040 |
_aMMU _cMMU _beng _dMMU |
||
| 050 |
_aQP 33.5 _b.T 2003 |
||
| 245 |
_aTextbook of Biochemistry and Human Biology/ _c Edited by G. P. Talwar. |
||
| 250 | _a Edited by G. P. Talwar | ||
| 260 |
_aNew Delhi : _bPHI, _c2003. |
||
| 300 | _axxxii, 1294 p. : | ||
| 500 | _aincludes index | ||
| 942 |
_2lcc _cLOAN LOAN |
||
| 999 |
_c16052 _d16052 |
||